Right to education in India: (Record no. 102115)

MARC details
000 -LEADER
fixed length control field 00983nam a22002417a 4500
005 - DATE AND TIME OF LATEST TRANSACTION
control field 20180228114015.0
010 ## - LCCN (DPL NO)
LC control number 1617EN ENG-116867
020 ## - INTERNATIONAL STANDARD BOOK NUMBER
International Standard Book Number 9781138666948
Terms of availability 895.00
035 ## - SYSTEM CONTROL NUMBER
System control number B-649721-726
035 ## - SYSTEM CONTROL NUMBER
System control number EN-100399
035 ## - SYSTEM CONTROL NUMBER
System control number B-664922
037 ## - SOURCE OF ACQUISITION
Stock number DPL
Source of stock number/acquisition UPPAL
037 ## - SOURCE OF ACQUISITION
Source of stock number/acquisition DBAD/PUB
082 ## - DEWEY DECIMAL CLASSIFICATION NUMBER
Classification number 379.110954
245 ## - TITLE STATEMENT
Title Right to education in India:
Statement of responsibility, etc ed by Parveen Jha [and] Geetha Rani
Remainder of title Resources, institutions and public policy /
260 ## - PUBLICATION, DISTRIBUTION, ETC. (IMPRINT)
Place of publication, distribution, etc New York
Name of publisher, distributor, etc Routledge
Date of publication, distribution, etc 2016
270 ## - ADDRESS
Address 711 third avenue
City New York
Postal code NY 10017
300 ## - PHYSICAL DESCRIPTION
Extent xviii,366p.
Dimensions 24cm(Hb)
700 ## - ADDED ENTRY--PERSONAL NAME
Personal name Geetha Rani
942 ## - ADDED ENTRY ELEMENTS (KOHA)
Source of classification or shelving scheme Dewey Decimal Classification
Item type English Books
Classification part 379.110954
Call number suffix RIG
Holdings
Withdrawn status Lost status Not for loan Collection code Home library Current library Date acquired Source of acquisition Cost, normal purchase price Full call number Barcode Copy number Cost, replacement price Koha item type
      Non-fiction Ashok Vihar Ashok Vihar 28/02/2018 Uppal/14146/27.2.2017/EN/AV/473/15.2.2017/7.3.2017 895.00 379.110954 RIG B-664922 1 895.00 English Books
    Not For Loan Non-fiction D.B.Act.Division Bawana 30/12/2016 DBAD/PUB 895.00 379.110954 RIG EN-100399 1 895.00 English Books
      Non-fiction Bawana Bawana 09/03/2017 BPPD/EN/2016-17/307/24.11.2016/13925/07.12.2016/02.01.2017 895.00 379.110954 RIG B-649725 1 895.00 English Books
      Non-fiction Central Library Central Library 09/03/2017 BPPD/EN/2016-17/307/24.11.2016/13925/07.12.2016/02.01.2017 895.00 379.110954 RIG B-649721 1 895.00 English Books
      Non-fiction Janak Puri Janak Puri 09/03/2017 BPPD/EN/2016-17/307/24.11.2016/13925/07.12.2016/02.01.2017 895.00 379.110954 RIG B-649723 1 895.00 English Books
      Non-fiction Patel Nagar Patel Nagar 09/03/2017 BPPD/EN/2016-17/307/24.11.2016/13925/07.12.2016/02.01.2017 895.00 379.110954 RIG B-649722 1 895.00 English Books
      Non-fiction Sarojini Nagar Sarojini Nagar 09/03/2017 BPPD/EN/2016-17/307/24.11.2016/13925/07.12.2016/02.01.2017 895.00 379.110954 RIG B-649724 1 895.00 English Books
      Non-fiction Shahdara Branch Shahdara Branch 09/03/2017 BPPD/EN/2016-17/307/24.11.2016/13925/07.12.2016/02.01.2017 895.00 379.110954 RIG B-649726 1 895.00 English Books

© Delhi Public Library
Hit Counter
free hit counter